| 000 | 00664cab a22001935a 4500 | ||
|---|---|---|---|
| 001 | L150899 | ||
| 008 | 100914e20100910xxk 000 0 eng d | ||
| 035 | _a(Sirsi) u150899 | ||
| 041 | 0 | _aeng | |
| 100 | 1 | _aGardiner, Joey | |
| 245 | 0 | 0 |
_aFirst, the good news _bhousebuilding salaries have edged up over the past year, according to the PSD Group/Building survey |
| 260 | _c2010 | ||
| 490 |
_aBuilding _v275(8645) 10 September 2010, 16-17(2) |
||
| 520 | _aSalaries by region; national basic salaries; annual bonus; methodology. | ||
| 590 | _aKA | ||
| 651 | 4 |
_aUnited Kingdom _y |
|
| 690 | _aCAREERS, EDUCATION AND TRAINING-SURVEYING APPOINTMENTS | ||
| 942 | _n0 | ||
| 999 |
_c82668 _d82668 |
||